[Event "ENCI Limburg-open B"]
[Site "Maastricht"]
[Date "2011.06.13"]
[Round "6"]
[White "De Ridder, Naomi"]
[Black "Braam, Marco"]
[Result "1/2-1/2"]
[WhiteElo "1741"]
[BlackElo "1751"]
[PlyCount "53"]
[EventDate "2011.06.10"]
[EventType "swiss"]
[EventRounds "7"]
[EventCountry "NED"]
[Source "P.Boonen"]
[SourceDate "2012.01.01"]

1. e4 d5 2. exd5 Qxd5 3. Nc3 Qd6 4. d4 Nf6 5. Bc4 c6 6. Nge2 Bg4 7. f3 Bh5 8.
Bf4 Qb4 9. Bb3 e6 10. O-O Be7 11. Bc7 Bd8 12. Bxd8 Kxd8 13. Ng3 Bg6 14. Nge4
Nbd7 15. a3 Qa5 16. Re1 Kc7 17. Nxf6 Nxf6 18. Qd2 Rad8 19. Qf4+ Kc8 20. Rad1
Qc7 21. Qxc7+ Kxc7 22. Ne4 Nxe4 23. fxe4 Rhe8 24. c3 Bh5 25. Rd3 f5 26. e5 g5
27. Rg3 1/2-1/2

[Event "ENCI Limburg-open B"]
[Site "Maastricht"]
[Date "2011.06.13"]
[Round "6"]
[White "Dittmar, Thomas"]
[Black "Gallardo Banez, Alfonso"]
[Result "1/2-1/2"]
[WhiteElo "1974"]
[BlackElo "1915"]
[PlyCount "36"]
[EventDate "2011.06.10"]
[EventType "swiss"]
[EventRounds "7"]
[EventCountry "NED"]
[Source "P.Boonen"]
[SourceDate "2012.01.01"]

1. d4 d6 2. c4 e5 3. d5 f5 4. g3 Nf6 5. Bg5 Be7 6. Bxf6 Bxf6 7. Nc3 O-O 8. Bg2
a5 9. Nh3 Na6 10. O-O Nc5 11. b3 Qe8 12. Nb5 Qe7 13. a3 Kh8 14. Rb1 Na6 15. Qd2
Nc5 16. Nc3 Bd7 17. b4 axb4 18. axb4 Ne4 1/2-1/2

[Event "ENCI Limburg-open B"]
[Site "Maastricht"]
[Date "2011.06.13"]
[Round "6"]
[White "Erin, Igor"]
[Black "Begri, Felix"]
[Result "1-0"]
[WhiteElo "1715"]
[BlackElo "1888"]
[PlyCount "73"]
[EventDate "2011.06.10"]
[EventType "swiss"]
[EventRounds "7"]
[EventCountry "NED"]
[Source "P.Boonen"]
[SourceDate "2012.01.01"]

1. d4 e6 2. c4 Nf6 3. g3 d5 4. Nf3 Be7 5. Bg2 O-O 6. O-O dxc4 7. Qa4 a6 8. Qxc4
b5 9. Qc2 Bb7 10. Bf4 Nd5 11. Bd2 Nd7 12. Nc3 Nb4 13. Qb1 c5 14. dxc5 Bxc5 15.
Ng5 Nf6 16. Bxb7 Qxd2 17. Nce4 Nxe4 18. Nxe4 Qd4 19. Nxc5 Qxc5 20. Bxa8 Rxa8
21. Qe4 Nd5 22. Rac1 Qf8 23. a3 a5 24. Rc6 g6 25. Rfc1 h5 26. Qc2 Kg7 27. e4
Nf6 28. f3 b4 29. a4 g5 30. Qd2 Kg6 31. R1c5 Nh7 32. Qd6 Qh8 33. Qe5 Qd8 34.
Rd6 Qe7 35. Qd4 Nf6 36. e5 Nd5 37. Rcxd5 1-0

[Event "ENCI Limburg-open B"]
[Site "Maastricht"]
[Date "2011.06.13"]
[Round "6"]
[White "Esser, Thomas"]
[Black "Cromsigt, Jeroen"]
[Result "1/2-1/2"]
[WhiteElo "1782"]
[BlackElo "1902"]
[PlyCount "30"]
[EventDate "2011.06.10"]
[EventType "swiss"]
[EventRounds "7"]
[EventCountry "NED"]
[Source "P.Boonen"]
[SourceDate "2012.01.01"]

1. e4 e5 2. Nf3 Nc6 3. Bc4 Nf6 4. Ng5 d5 5. exd5 Na5 6. Bb5+ c6 7. dxc6 bxc6 8.
Qf3 Rb8 9. Bd3 h6 10. Ne4 Nd5 11. O-O g6 12. Re1 Bg7 13. Nbc3 O-O 14. Bf1 f5
15. Ng3 e4 1/2-1/2

[Event "ENCI Limburg-open B"]
[Site "Maastricht"]
[Date "2011.06.13"]
[Round "6"]
[White "Frijns, Raoul"]
[Black "Broekhuis, Jan"]
[Result "1-0"]
[WhiteElo "1809"]
[BlackElo "1869"]
[PlyCount "103"]
[EventDate "2011.06.10"]
[EventType "swiss"]
[EventRounds "7"]
[EventCountry "NED"]
[Source "P.Boonen"]
[SourceDate "2012.01.01"]

1. d4 d5 2. c4 e6 3. g3 Nf6 4. Bg2 Be7 5. Nc3 O-O 6. e3 dxc4 7. Nf3 c6 8. Ne5
Nbd7 9. Nxc4 Nb6 10. Ne5 Nfd5 11. O-O Nxc3 12. bxc3 Qc7 13. Qe2 f6 14. Nd3 e5
15. a4 Be6 16. Ba3 Bc4 17. Qc2 Bxa3 18. Rxa3 Qe7 19. Rfa1 e4 20. Nc5 f5 21. a5
Nc8 22. Ra4 Bf7 23. Rb4 Nd6 24. Rab1 Rab8 25. Bf1 Qc7 26. Qb2 Qxa5 27. Ra4 Qb6
28. Nd7 Qxb2 29. Rxb2 Ra8 30. Nxf8 Kxf8 31. c4 b5 32. cxb5 cxb5 33. Ra5 Ke7 34.
Rb1 Be8 35. Rba1 Nc8 36. Bxb5 Bh5 37. Kf1 Kf6 38. Bd7 Nb6 39. Bxf5 Nc4 40. Rc5
Nd2+ 41. Kg1 g6 42. Ra6+ Kg7 43. Rc7+ Kh8 44. Rc8+ Rxc8 45. Bxc8 Be2 46. Rxa7
Nf3+ 47. Kh1 Ne1 48. Re7 h5 49. h4 Kg8 50. Bb7 Kf8 51. Re6 Kf7 52. Bd5 1-0

[Event "ENCI Limburg-open B"]
[Site "Maastricht"]
[Date "2011.06.13"]
[Round "6"]
[White "Geboers, Jimmy"]
[Black "Hogerhorst, Tony"]
[Result "1-0"]
[WhiteElo "1927"]
[BlackElo "1865"]
[PlyCount "87"]
[EventDate "2011.06.10"]
[EventType "swiss"]
[EventRounds "7"]
[EventCountry "NED"]
[Source "P.Boonen"]
[SourceDate "2012.01.01"]

1. d4 d5 2. c4 e6 3. Nc3 Nf6 4. e3 c6 5. Nf3 Bd6 6. Bd3 Nbd7 7. O-O O-O 8. e4
dxe4 9. Nxe4 Nxe4 10. Bxe4 Nf6 11. Bc2 Qc7 12. Bg5 Ne8 13. Qd3 g6 14. Bh6 Ng7
15. Qe4 Re8 16. Qh4 f5 17. Rfe1 b6 18. Bxg7 Qxg7 19. Ba4 Bb7 20. Rac1 Re7 21.
c5 bxc5 22. dxc5 Bc7 23. Bb3 Rae8 24. Ng5 Kh8 25. Rxe6 Rxe6 26. Bxe6 Qe7 27.
Qd4+ Qg7 28. Qh4 Re7 29. Rd1 Qf6 30. Rd7 Rxd7 31. Bxd7 Qe7 32. Qd4+ Qg7 33.
Qxg7+ Kxg7 34. Ne6+ Kf7 35. Nxc7 Ke7 36. Be6 Kd8 37. Bg8 Kxc7 38. Bxh7 Bc8 39.
Bxg6 Be6 40. h4 Kd7 41. h5 Ke7 42. h6 Kf6 43. h7 Kg7 44. f4 1-0

[Event "ENCI Limburg-open B"]
[Site "Maastricht"]
[Date "2011.06.13"]
[Round "6"]
[White "Gerlagh, Joris"]
[Black "Bok, Gidius"]
[Result "1/2-1/2"]
[WhiteElo "1776"]
[BlackElo "1710"]
[PlyCount "88"]
[EventDate "2011.06.10"]
[EventType "swiss"]
[EventRounds "7"]
[EventCountry "NED"]
[Source "P.Boonen"]
[SourceDate "2012.01.01"]

1. d4 d5 2. c4 e6 3. Nc3 Nf6 4. Nf3 c5 5. cxd5 exd5 6. e3 Nc6 7. Be2 Be6 8. O-O
Be7 9. Ne5 O-O 10. f4 Ne4 11. Nxc6 bxc6 12. f5 Nxc3 13. bxc3 Bd7 14. Bd3 cxd4
15. exd4 Bf6 16. Qh5 g6 17. Qf3 Rb8 18. Bh6 Bg7 19. Bxg7 Kxg7 20. f6+ Kh8 21.
Qf4 Rg8 22. Rae1 Rb7 23. Re7 Bc8 24. Rfe1 Rxe7 25. fxe7 Qe8 26. Qe5+ Rg7 27.
Rb1 f6 28. Qxf6 Qxe7 29. Qxe7 Rxe7 30. Rb8 Re8 31. Ba6 Bd7 32. Rxe8+ Bxe8 33.
Kf2 Kg7 34. Ke3 Kf6 35. Kd3 Ke6 36. Bc8+ Bd7 37. Bxd7+ Kxd7 38. g4 g5 39. c4
Kd6 40. c5+ Kc7 41. Kc3 a5 42. Kb3 a4+ 43. Kxa4 Kb7 44. a3 Ka6 1/2-1/2

[Event "ENCI Limburg-open B"]
[Site "Maastricht"]
[Date "2011.06.13"]
[Round "6"]
[White "Gerritsen, Diederik"]
[Black "De Bruin, Joost"]
[Result "1-0"]
[WhiteElo "1840"]
[BlackElo "1778"]
[PlyCount "75"]
[EventDate "2011.06.10"]
[EventType "swiss"]
[EventRounds "7"]
[EventCountry "NED"]
[Source "P.Boonen"]
[SourceDate "2012.01.01"]

1. e4 e6 2. d4 d5 3. Nd2 Nf6 4. e5 Nfd7 5. Bd3 c5 6. c3 Nc6 7. Ne2 Qb6 8. Nf3
cxd4 9. cxd4 Bb4+ 10. Bd2 Bxd2+ 11. Qxd2 Qb4 12. O-O Qxd2 13. Nxd2 O-O 14. Rac1
f6 15. f4 a6 16. a3 Nb6 17. b4 Bd7 18. Nb3 Na4 19. Rc2 fxe5 20. dxe5 b5 21.
Rfc1 Rac8 22. g3 Nb8 23. Nc5 Nxc5 24. Rxc5 Rxc5 25. Rxc5 Rc8 26. Rxc8+ Bxc8 27.
Nd4 g6 28. g4 Kf7 29. Kf2 Bd7 30. Ke3 Ke7 31. h4 Nc6 32. Nxc6+ Bxc6 33. f5 gxf5
34. gxf5 exf5 35. Bxf5 h6 36. Bc8 Bd7 37. Bxd7 Kxd7 38. Kd4 1-0

[Event "ENCI Limburg-open B"]
[Site "Maastricht"]
[Date "2011.06.13"]
[Round "6"]
[White "Goes, Dirk"]
[Black "Peter, Laurenz"]
[Result "1/2-1/2"]
[WhiteElo "1956"]
[BlackElo "1844"]
[PlyCount "50"]
[EventDate "2011.06.10"]
[EventType "swiss"]
[EventRounds "7"]
[EventCountry "NED"]
[Source "P.Boonen"]
[SourceDate "2012.01.01"]

1. d4 d5 2. Nc3 Nf6 3. Bg5 Nbd7 4. f3 c6 5. e4 dxe4 6. fxe4 Qb6 7. Qd2 e6 8.
O-O-O Bb4 9. Re1 Qa5 10. Nf3 O-O 11. a3 Bxc3 12. Qxc3 Qxc3 13. bxc3 c5 14. Bc4
a6 15. Nd2 b5 16. Be2 Bb7 17. Bf3 Rac8 18. Re2 h6 19. Bxf6 Nxf6 20. Kb2 Rfd8
21. Nb3 cxd4 22. cxd4 Nd7 23. c3 Nb6 24. Nc5 Rc7 25. Rc1 Nd7 1/2-1/2

[Event "ENCI Limburg-open B"]
[Site "Maastricht"]
[Date "2011.06.13"]
[Round "6"]
[White "Gunther, Marcella"]
[Black "Singh, Marcel"]
[Result "0-1"]
[WhiteElo "1904"]
[BlackElo "1904"]
[PlyCount "104"]
[EventDate "2011.06.10"]
[EventType "swiss"]
[EventRounds "7"]
[EventCountry "NED"]
[Source "P.Boonen"]
[SourceDate "2012.01.01"]

1. e4 Nf6 2. e5 Nd5 3. d4 d6 4. Nf3 dxe5 5. Nxe5 Nd7 6. Nxf7 Kxf7 7. Qh5+ Ke6
8. c4 N5f6 9. d5+ Kd6 10. Qf7 Ne5 11. Bf4 c5 12. Nc3 a6 13. b4 Qb6 14. bxc5+
Qxc5 15. Be2 g6 16. O-O Bh6 17. Bg3 Qd4 18. c5+ Qxc5 19. Bxe5+ Kxe5 20. Rfe1
Rf8 21. Bf3+ Kf5 22. Ne4 Rxf7 23. Nxc5 Nd7 24. Nd3 Rb8 25. Re6 Nf8 26. Re2 Kf6
27. Ne5 Rg7 28. Rae1 Bf4 29. Nc4 b5 30. Re4 Bc7 31. d6 Bxd6 32. Nxd6 exd6 33.
Rf4+ Bf5 34. g4 Kg5 35. Rd4 Bc8 36. Rxd6 Rd7 37. Rc6 Bb7 38. Rc5+ Kh6 39. g5+
Kg7 40. Bg4 Rf7 41. Bd1 Rc8 42. Rxc8 Bxc8 43. Bb3 Rc7 44. h4 Bb7 45. f4 a5 46.
h5 gxh5 47. f5 a4 48. f6+ Kg6 49. Re7 Rc1+ 50. Kf2 axb3 51. Rg7+ Kf5 52. axb3
Bd5 0-1

[Event "ENCI Limburg-open B"]
[Site "Maastricht"]
[Date "2011.06.13"]
[Round "6"]
[White "Heijenrath, Jan"]
[Black "Willen, Ronny"]
[Result "0-1"]
[WhiteElo "1782"]
[BlackElo "1851"]
[PlyCount "67"]
[EventDate "2011.06.10"]
[EventType "swiss"]
[EventRounds "7"]
[EventCountry "NED"]
[Source "P.Boonen"]
[SourceDate "2012.01.01"]

1. d4 Nf6 2. Nf3 g6 3. c4 Bg7 4. Nc3 O-O 5. e4 d6 6. Be2 e5 7. O-O Nc6 8. d5
Ne7 9. Ne1 Nd7 10. Be3 f5 11. f3 f4 12. Bf2 g5 13. Nd3 Nf6 14. b4 Ng6 15. c5
Rf7 16. a4 h5 17. Rc1 Bf8 18. Rc2 Rg7 19. b5 g4 20. Kh1 Kh8 21. cxd6 cxd6 22.
g3 fxg3 23. hxg3 gxf3 24. Bxf3 Bg4 25. Kg2 Bxf3+ 26. Kxf3 Ng4 27. Rh1 Qg5 28.
Qe2 Rf7+ 29. Kg2 Nf4+ 30. Nxf4 exf4 31. Bd4+ Kh7 32. gxf4 Ne3+ 33. Kf2 Qxf4+
34. Ke1 0-1

[Event "ENCI Limburg-open B"]
[Site "Maastricht"]
[Date "2011.06.13"]
[Round "6"]
[White "Henrotte, Nils"]
[Black "Van der Scheur, Dirk"]
[Result "1/2-1/2"]
[WhiteElo "1963"]
[BlackElo "1895"]
[PlyCount "40"]
[EventDate "2011.06.10"]
[EventType "swiss"]
[EventRounds "7"]
[EventCountry "NED"]
[Source "P.Boonen"]
[SourceDate "2012.01.01"]

1. d4 Nf6 2. c3 d5 3. Bf4 e6 4. e3 Bd6 5. Bxd6 Qxd6 6. Nf3 Nc6 7. Be2 O-O 8. h3
e5 9. O-O e4 10. Nfd2 Ne7 11. c4 c6 12. Nc3 Ne8 13. cxd5 cxd5 14. Re1 Kh8 15.
Qb3 f5 16. f4 exf3 17. Bxf3 Nf6 18. Nb5 Qb6 19. Nc3 Qd6 20. Nb5 Qb6 1/2-1/2

[Event "ENCI Limburg-open B"]
[Site "Maastricht"]
[Date "2011.06.13"]
[Round "6"]
[White "Heuts, John"]
[Black "Kuryliw, Ray"]
[Result "1/2-1/2"]
[WhiteElo "1788"]
[BlackElo "1831"]
[PlyCount "65"]
[EventDate "2011.06.10"]
[EventType "swiss"]
[EventRounds "7"]
[EventCountry "NED"]
[Source "P.Boonen"]
[SourceDate "2012.01.01"]

1. c4 e5 2. Nc3 Nc6 3. g3 g6 4. Bg2 Nge7 5. e4 Bg7 6. Nge2 d6 7. O-O O-O 8. d3
h6 9. f4 f5 10. Bd2 Kh7 11. Rb1 Nd4 12. b4 Nxe2+ 13. Nxe2 c6 14. a4 Rb8 15. Be3
b6 16. Qd2 Bb7 17. c5 dxc5 18. bxc5 Ba6 19. cxb6 axb6 20. Rfd1 fxe4 21. dxe4
Qxd2 22. Rxd2 Rfd8 23. Rbd1 Rxd2 24. Rxd2 c5 25. fxe5 Bxe2 26. Rxe2 Bxe5 27.
Bf4 Bd4+ 28. Be3 Ra8 29. Bxd4 cxd4 30. Rb2 Rxa4 31. Rxb6 Kg7 32. Rd6 h5 33. Bf1
1/2-1/2

[Event "ENCI Limburg-open B"]
[Site "Maastricht"]
[Date "2011.06.13"]
[Round "6"]
[White "Hoelting, Siegfried"]
[Black "Meyes, Richard"]
[Result "1/2-1/2"]
[WhiteElo "1943"]
[BlackElo "1749"]
[PlyCount "103"]
[EventDate "2011.06.10"]
[EventType "swiss"]
[EventRounds "7"]
[EventCountry "NED"]
[Source "P.Boonen"]
[SourceDate "2012.01.01"]

1. e4 c5 2. Nf3 d6 3. d4 cxd4 4. Nxd4 Nf6 5. Nc3 a6 6. Be2 e5 7. Nb3 Be7 8. O-O
O-O 9. Be3 Be6 10. f4 b5 11. fxe5 dxe5 12. Qe1 Qc8 13. a3 Nbd7 14. Bf3 Rb8 15.
Qf2 Qc6 16. Rfd1 Nb6 17. Na5 Qc7 18. Kh1 Nc4 19. Nxc4 bxc4 20. Na4 Qa5 21. Nc5
Rxb2 22. Nxe6 fxe6 23. Qf1 Rxc2 24. Qg1 Rb2 25. a4 Rc8 26. Bc1 Rb4 27. Bd2 c3
28. Rdc1 Rbc4 29. Be1 Bc5 30. Qf1 Bd4 31. Be2 Rxa4 32. Rxa4 Qxa4 33. Bxa6 Rf8
34. Bc4 Nd5 35. Qd3 Nf4 36. Qf1 Rc8 37. Bb5 Qa3 38. Bg3 Rc5 39. Ra1 Qxa1 40.
Qxa1 Rxb5 41. Bxf4 exf4 42. Qa2 Kf7 43. h4 Rb2 44. Qc4 c2 45. Qc7+ Kg6 46. Kh2
Bg1+ 47. Kh3 Rb3+ 48. Kg4 Rg3+ 49. Kxf4 Be3+ 50. Kxg3 c1=Q 51. h5+ Kxh5 52.
Qf7+ 1/2-1/2

[Event "ENCI Limburg-open B"]
[Site "Maastricht"]
[Date "2011.06.13"]
[Round "6"]
[White "Holwijn, Melvin"]
[Black "Ibrahim, Ashraf"]
[Result "1/2-1/2"]
[WhiteElo "2009"]
[BlackElo "1802"]
[PlyCount "93"]
[EventDate "2011.06.10"]
[EventType "swiss"]
[EventRounds "7"]
[EventCountry "NED"]
[Source "P.Boonen"]
[SourceDate "2012.01.01"]

1. d4 Nf6 2. c4 e6 3. Nf3 b6 4. Bg5 Bb7 5. e3 Be7 6. Nc3 O-O 7. Bd3 d6 8. O-O
Nbd7 9. b4 c5 10. b5 d5 11. Bxf6 Nxf6 12. Ne5 Rc8 13. Ne2 dxc4 14. Bxc4 Bd6 15.
f4 cxd4 16. Nxd4 Bxe5 17. fxe5 Ne4 18. Bxe6 fxe6 19. Nxe6 Rxf1+ 20. Qxf1 Qd5
21. Nf4 Qxe5 22. Rd1 Nf6 23. Qd3 Ng4 24. Qb3+ Kh8 25. Qe6 Qxe3+ 26. Qxe3 Nxe3
27. Rd7 Rb8 28. h3 a6 29. Kf2 Nc4 30. Nh5 Rf8+ 31. Kg1 Bc8 32. Rxg7 axb5 33. g4
Nd2 34. Re7 b4 35. Kg2 Ba6 36. Kg3 Bc4 37. Ra7 h6 38. Ra4 b3 39. axb3 Rf3+ 40.
Kh4 Rxb3 41. Ra8+ Kh7 42. Ra7+ Kg8 43. Nf6+ Kf8 44. Rd7 Nf3+ 45. Kh5 Ne5 46.
Nh7+ Ke8 47. Nf6+ 1/2-1/2

[Event "ENCI Limburg-open B"]
[Site "Maastricht"]
[Date "2011.06.13"]
[Round "6"]
[White "Huebben, Dominik"]
[Black "Visser, Sebastiaan"]
[Result "1-0"]
[WhiteElo "1747"]
[BlackElo "1904"]
[PlyCount "77"]
[EventDate "2011.06.10"]
[EventType "swiss"]
[EventRounds "7"]
[EventCountry "NED"]
[Source "P.Boonen"]
[SourceDate "2012.01.01"]

1. e4 c6 2. d4 d5 3. exd5 cxd5 4. Bd3 Nc6 5. c3 Nf6 6. Bf4 Bg4 7. Qb3 Qd7 8. h3
Bh5 9. Nd2 e6 10. Ngf3 a6 11. O-O Be7 12. Rfe1 O-O 13. Ne5 Qc8 14. a4 Na5 15.
Qc2 Bg6 16. Nxg6 hxg6 17. Nf3 Nc4 18. Ne5 b5 19. axb5 axb5 20. Nxc4 bxc4 21.
Be2 Qb7 22. Reb1 Rxa1 23. Rxa1 Ne4 24. f3 Nd6 25. Bd1 g5 26. Bg3 Nf5 27. Bf2
Rc8 28. g4 Nd6 29. Be3 Rb8 30. Bc1 Qc7 31. Qa4 Nb5 32. Kg2 e5 33. dxe5 Qxe5 34.
Qc2 Bc5 35. Qe2 Qxe2+ 36. Bxe2 f6 37. f4 gxf4 38. Bxf4 Rb7 39. Bf3 1-0

[Event "ENCI Limburg-open B"]
[Site "Maastricht"]
[Date "2011.06.13"]
[Round "6"]
[White "Ingelaere, Frederic"]
[Black "Lentjes, Noud"]
[Result "0-1"]
[WhiteElo "1767"]
[BlackElo "1869"]
[PlyCount "80"]
[EventDate "2011.06.10"]
[EventType "swiss"]
[EventRounds "7"]
[EventCountry "NED"]
[Source "P.Boonen"]
[SourceDate "2012.01.01"]

1. e4 e6 2. d4 d5 3. Nc3 Bb4 4. e5 c5 5. a3 Bxc3+ 6. bxc3 Ne7 7. Qg4 Qc7 8.
Qxg7 Rg8 9. Qxh7 cxd4 10. Ne2 Nbc6 11. f4 dxc3 12. Qd3 Nf5 13. h3 Qd8 14. g3
Bd7 15. Rb1 Na5 16. g4 Qh4+ 17. Kd1 Ne7 18. Qg3 Qxg3 19. Nxg3 Bc6 20. Nh5 O-O-O
21. Nf6 Rh8 22. Bg2 d4 23. Bxc6 Nexc6 24. Ne4 Nc4 25. Nc5 b6 26. Nd3 Rh4 27.
Ke2 Rdh8 28. Nf2 Kb7 29. Kd3 N4a5 30. Rh2 Kc7 31. Rh1 Nb7 32. Ke4 Nc5+ 33. Kf3
a6 34. Kg3 b5 35. Re1 d3 36. cxd3 Nxd3 37. Nxd3 Rxh3+ 38. Kf2 Rxd3 39. Be3 c2
40. Rbc1 Rxa3 0-1

[Event "ENCI Limburg-open B"]
[Site "Maastricht"]
[Date "2011.06.13"]
[Round "6"]
[White "Karstens, Lex"]
[Black "Keetman, Maaike"]
[Result "0-1"]
[WhiteElo "1861"]
[BlackElo "1657"]
[PlyCount "132"]
[EventDate "2011.06.10"]
[EventType "swiss"]
[EventRounds "7"]
[EventCountry "NED"]
[Source "P.Boonen"]
[SourceDate "2012.01.01"]

1. d4 c6 2. Nf3 d5 3. Bg5 Bg4 4. Nbd2 Nd7 5. e3 Ngf6 6. Bd3 e6 7. c3 Be7 8. Qc2
h6 9. Bh4 Qb6 10. h3 Bxf3 11. Nxf3 O-O-O 12. Bg3 Rdg8 13. b4 Kd8 14. a4 Ke8 15.
Nd2 g5 16. Be2 h5 17. a5 Qd8 18. b5 Qc8 19. bxc6 Qxc6 20. Rb1 Kf8 21. Bb5 Qc8
22. Qa4 Kg7 23. Ke2 Rd8 24. Rhc1 Nf8 25. c4 a6 26. Bxa6 bxa6 27. cxd5 Qd7 28.
Qc6 Qxd5 29. Qxa6 Ra8 30. Qb7 Ng6 31. a6 Rhd8 32. Rb5 Qa2 33. Rc6 Ba3 34. Ra5
Ne4 35. Rxa3 Nxg3+ 36. fxg3 Qxa3 37. Rxe6 Rdb8 38. Qc7 Rxa6 39. Rxg6+ Rxg6 40.
Qxb8 Re6 41. Qb3 Qa6+ 42. Qd3 Qd6 43. e4 f5 44. e5 Qd5 45. Qxf5 Qxg2+ 46. Kd3
Qxg3+ 47. Nf3 Ra6 48. Qxg5+ Qxg5 49. Nxg5 Kg6 50. Ne4 Ra3+ 51. Nc3 Kf5 52. Kc4
Ke6 53. Ne4 Kf5 54. Nd6+ Ke6 55. Ne4 Kf5 56. Kd5 Rxh3 57. Nd6+ Kg6 58. e6 Re3
59. Nc4 Re1 60. Ne5+ Kf6 61. Kd6 Re4 62. Nd7+ Kg7 63. d5 h4 64. Nc5 Re3 65. e7
Kf7 66. Ne6 Rxe6+ 0-1

[Event "ENCI Limburg-open B"]
[Site "Maastricht"]
[Date "2011.06.13"]
[Round "6"]
[White "Kranenburg, Sebastiaan"]
[Black "Maurissen, Wim"]
[Result "0-1"]
[WhiteElo "1618"]
[BlackElo "1906"]
[PlyCount "68"]
[EventDate "2011.06.10"]
[EventType "swiss"]
[EventRounds "7"]
[EventCountry "NED"]
[Source "P.Boonen"]
[SourceDate "2012.01.01"]

1. e4 e6 2. d4 d5 3. Nc3 Bb4 4. e5 c5 5. a3 Ba5 6. Nf3 Nc6 7. Bb5 Bd7 8. O-O a6
9. Bxc6 Bxc6 10. Na2 cxd4 11. b4 Bb6 12. Bb2 Ne7 13. Bxd4 Bxd4 14. Nxd4 Rc8 15.
Nxc6 Rxc6 16. Rc1 O-O 17. Qe2 b5 18. f4 Qb6+ 19. Qf2 Qxf2+ 20. Kxf2 Rfc8 21. c3
Rc4 22. Ke2 g6 23. Kd2 Kg7 24. Rf3 h5 25. g3 Nf5 26. Rd3 h4 27. Rf1 hxg3 28.
hxg3 Rh8 29. Kc2 Rh2+ 30. Kb3 Rh3 31. Rff3 Rh2 32. Rd1 Rg2 33. Rdd3 Re4 34. Rd1
Ree2 0-1

[Event "ENCI Limburg-open B"]
[Site "Maastricht"]
[Date "2011.06.13"]
[Round "6"]
[White "Lecomte, Robin"]
[Black "Tuerlinckx, Ben"]
[Result "1/2-1/2"]
[WhiteElo "1791"]
[BlackElo "1942"]
[PlyCount "91"]
[EventDate "2011.06.10"]
[EventType "swiss"]
[EventRounds "7"]
[EventCountry "NED"]
[Source "P.Boonen"]
[SourceDate "2012.01.01"]

1. Nf3 e6 2. g3 f5 3. Bg2 Nf6 4. d4 Be7 5. O-O O-O 6. c4 d6 7. Nc3 Ne4 8. Qc2
Nxc3 9. Qxc3 Bf6 10. Rd1 Qe7 11. c5 e5 12. cxd6 cxd6 13. dxe5 dxe5 14. Be3 Qe8
15. Qb3+ Kh8 16. Rac1 Nc6 17. Ne1 e4 18. Nc2 Be6 19. Qa3 Qf7 20. Nd4 Nxd4 21.
Bxd4 Bxd4 22. Rxd4 Bxa2 23. Ra4 Bd5 24. Rxa7 Rxa7 25. Qxa7 Bc6 26. e3 h6 27.
Qd4 Qf6 28. Qxf6 Rxf6 29. Bf1 Rd6 30. b4 Rd2 31. b5 Bd5 32. Bc4 Kh7 33. Bf1 Bf7
34. h3 Bh5 35. Rb1 Kg6 36. b6 Kf6 37. Ba6 Rd7 38. Bb5 Re7 39. Rc1 Bf7 40. Kf1
Re6 41. Rc7 Rxb6 42. Bd7 Rb2 43. Bxf5 Bc4+ 44. Rxc4 Kxf5 45. Rc7 Kf6 46. Rc4
1/2-1/2

[Event "ENCI Limburg-open B"]
[Site "Maastricht"]
[Date "2011.06.13"]
[Round "6"]
[White "Lemmen, Raoul"]
[Black "Olmos Sanz, Francisco J"]
[Result "1-0"]
[WhiteElo "1855"]
[BlackElo "1761"]
[PlyCount "93"]
[EventDate "2011.06.10"]
[EventType "swiss"]
[EventRounds "7"]
[EventCountry "NED"]
[Source "P.Boonen"]
[SourceDate "2012.01.01"]

1. e4 c5 2. d4 cxd4 3. c3 dxc3 4. Nxc3 e6 5. Nf3 Nc6 6. Bb5 a6 7. Ba4 Bc5 8.
O-O Nge7 9. Bg5 Qc7 10. Rc1 Ba7 11. Nd5 Nxd5 12. exd5 O-O 13. dxc6 bxc6 14. Qd2
f6 15. Be3 c5 16. Rfd1 d5 17. Bxc5 Bxc5 18. b4 Bxb4 19. Rxc7 Bxd2 20. Rxd2 a5
21. h4 Ba6 22. Bd7 Bc8 23. Rdc2 Bxd7 24. Rxd7 Rf7 25. Rcc7 Rxd7 26. Rxd7 g6 27.
Nd4 e5 28. Nc6 d4 29. Ra7 Rxa7 30. Nxa7 Kf7 31. Kf1 Ke6 32. Ke2 Kd5 33. f3 f5
34. Nc8 Kc4 35. Kd2 Kb4 36. h5 e4 37. hxg6 hxg6 38. Ne7 Kc4 39. Nxg6 e3+ 40.
Ke2 Kc3 41. Nf4 Kc4 42. g4 fxg4 43. fxg4 Kc3 44. g5 Kb2 45. a4 Kb3 46. g6 Kxa4
47. g7 1-0

[Event "ENCI Limburg-open B"]
[Site "Maastricht"]
[Date "2011.06.13"]
[Round "6"]
[White "Lenaerts, Lennert"]
[Black "Gendarme, Pierre"]
[Result "1/2-1/2"]
[WhiteElo "1867"]
[BlackElo "1821"]
[PlyCount "105"]
[EventDate "2011.06.10"]
[EventType "swiss"]
[EventRounds "7"]
[EventCountry "NED"]
[Source "P.Boonen"]
[SourceDate "2012.01.01"]

1. d4 Nf6 2. Nf3 b5 3. e3 a6 4. Bd3 Bb7 5. Nbd2 e6 6. b3 Be7 7. Bb2 O-O 8. O-O
d6 9. c4 b4 10. e4 Nbd7 11. Qc2 g6 12. e5 Nh5 13. Be4 Bxe4 14. Qxe4 Ng7 15.
Rfe1 f5 16. exf6 Bxf6 17. Nf1 Qe7 18. Ng3 Rae8 19. Rad1 Qf7 20. Qd3 Bd8 21. Qd2
a5 22. a3 Nf5 23. Nxf5 Qxf5 24. axb4 axb4 25. Qxb4 Nf6 26. Qd2 Ne4 27. Qd3 d5
28. Re2 Be7 29. Nd2 Bh4 30. Nxe4 dxe4 31. Qe3 Qg4 32. Rf1 Rf4 33. Bc1 Ref8 34.
h3 Qh5 35. Ra2 Rxf2 36. Raxf2 Bxf2+ 37. Rxf2 Qd1+ 38. Kh2 Rxf2 39. Qxf2 Qxc1
40. Qf6 e3 41. Qxe6+ Kg7 42. Qe5+ Kg8 43. Qe8+ Kg7 44. Qe7+ Kg8 45. Qd8+ Kg7
46. Qxc7+ Kg8 47. Qd8+ Kg7 48. Qe7+ Kg8 49. Qe8+ Kg7 50. Qe5+ Kg8 51. Kg3 Qe1+
52. Kf3 Qf2+ 53. Kg4 1/2-1/2

[Event "ENCI Limburg-open B"]
[Site "Maastricht"]
[Date "2011.06.13"]
[Round "6"]
[White "Loose, Rob"]
[Black "Maassen van den Brink, Koen"]
[Result "0-1"]
[WhiteElo "1981"]
[BlackElo "1982"]
[PlyCount "48"]
[EventDate "2011.06.10"]
[EventType "swiss"]
[EventRounds "7"]
[EventCountry "NED"]
[Source "P.Boonen"]
[SourceDate "2012.01.01"]

1. e4 e5 2. f4 Nc6 3. Nf3 f5 4. Nc3 Nf6 5. fxe5 Nxe4 6. Bc4 Bc5 7. d4 Nxd4 8.
Nxe4 Nxf3+ 9. Qxf3 Qh4+ 10. Qg3 Qxe4+ 11. Be2 O-O 12. Kd1 f4 13. Qe1 Qxg2 14.
Rf1 Qd5+ 15. Bd2 d6 16. exd6 Bh3 17. Rf3 Bg4 18. Rd3 Bxe2+ 19. Qxe2 Qh1+ 20.
Be1 Rae8 21. Qd2 Bxd6 22. c3 f3 23. Re3 Rxe3 24. Qxe3 f2 0-1

[Event "ENCI Limburg-open B"]
[Site "Maastricht"]
[Date "2011.06.13"]
[Round "6"]
[White "Machiroux, Bruno"]
[Black "Sanen, Erwin"]
[Result "1-0"]
[WhiteElo "1773"]
[BlackElo "1867"]
[PlyCount "53"]
[EventDate "2011.06.10"]
[EventType "swiss"]
[EventRounds "7"]
[EventCountry "NED"]
[Source "P.Boonen"]
[SourceDate "2012.01.01"]

1. c4 e5 2. Nc3 Nf6 3. Nf3 Nc6 4. g3 d6 5. Bg2 Be7 6. O-O O-O 7. d4 exd4 8.
Nxd4 Ne5 9. b3 c6 10. Bb2 Qb6 11. h3 d5 12. cxd5 Nxd5 13. Bxd5 Bxh3 14. Bg2 Bg4
15. Na4 Qc7 16. Nf3 Nxf3+ 17. Bxf3 Rad8 18. Qc2 Bxf3 19. exf3 Rd5 20. Rad1 Rh5
21. Kg2 h6 22. Rh1 Rg5 23. Nc3 Rc8 24. Ne4 Rg6 25. Rd2 Re8 26. Rhd1 Bh4 27. Rd6
1-0